WandaVision (2021) character screen time - Statistics

General Stats
  • This quiz has been taken 145 times
  • The average score is 11 of 22
Answer Stats
screen time Answer % Correct
80:00 Vision
100%
126:45 Wanda Maximoff
98%
36:00 Agatha Harkness
86%
17:00 Billy Maximoff
77%
37:45 Monica Rambeau
77%
17:30 Tommy Maximoff
77%
18:45 Dr. Darcy Lewis
69%
19:00 Jimmy Woo
65%
1:45 Pietro Maximoff
61%
8:00 Ralph Boehner
57%
5:30 Sharon Davis
43%
5:30 Mr. Hart
40%
5:00 Abilash Tandon
39%
13:15 Director Tyler Hayward
38%
4:45 Sarah Proctor
37%
5:15 John Collins
35%
1:30 Sparky
23%
2:30 Harold Proctor
16%
2:15 Isabel Matsueda
12%
3:15 Agent Rodriguez
8%
1:00 Olek Maximoff
4%
1:00 Iryan Maximoff
2%
No matching quizzes found
Score Distribution
Percent of People with Each Score
Percentile by Number Answered
Your Score History
You have not taken this quiz